|
|
แสดงรายละเอียดบรรณานุกรม |
|
|
Brief Record
: Get Marc (ISO 2709)
: E-mail record
: |
|
|
|
| LEADER 00000nam 2200000uu 4500 | |||
| 001 211041 | |||
| 003 ULIBM | |||
| 008 020711s2558 th a 000 0 tha d | |||
| 020 9786163820372 | |||
| 041 ^atha | |||
| 060 WY100 ช358ค 2558 | |||
| 100 ชัชวาล วงศ์สารี | |||
| 245 คู่มือการวิเคราะห์ข้อสอบพยาบาลและการผดุงครรภ์/ชัชวาล วงค์สารี | |||
| 250 พิมพ์ครั้งที่ 1 | |||
| 260 กาญจนบุรี :^bคณะพยาบาลศาสตร์ มหาวิทยาลัยเวสเทริน์,^c2558 | |||
| 300 608 หน้า :^bภาพประกอบ ;^c21 ซม. | |||
| 650 4 การพยาบาล^xข้อสอบและเฉลย | |||
| 650 4 ^aการพยาบาล^xคู่มือสอบ | |||
| 710 2 ^aมหาวิทยาลัยเวสเทริน์. คณะพยาบาลศาสตร์ | |||
| 999 ^aใช้งานได้ทุกระบบ | |||
| คุณยังไม่ได้ล็อกอิน คุณสามารถมีกิจกรรมร่วมกับเว็บไซต์ได้ แต่ต้องล็อกอินก่อน :: |
|
| สถานะ | |||||||||
| 1. | หนังสือทั่วไป | WY100 ช358ค 2558 ฉ.1 | On Shelf ขอยืม | ||||||
| Note:งบประมาณปี2559 | |||||||||
| 2. | หนังสือทั่วไป | WY100 ช358ค 2558 ฉ.6 | On Shelf ขอยืม | ||||||
| Note:งบประมาณปี2559 | |||||||||
| 3. | หนังสือทั่วไป | WY100 ช358ค 2558 ฉ.13 | On Shelf ขอยืม | ||||||
| Note:จัดซื้อปีงบประมาณ 2564 | |||||||||
| 4. | หนังสือทั่วไป | WY100 ช358ค 2558 ฉ.2 | On Shelf ขอยืม | ||||||
| Note:งบประมาณปี2559 | |||||||||
| 5. | หนังสือทั่วไป | WY100 ช358ค 2558 ฉ.3 | On Shelf ขอยืม | ||||||
| Note:งบประมาณปี2559 | |||||||||
| 6. | หนังสือทั่วไป | WY100 ช358ค 2558 ฉ.4 | ถูกยืม กำหนดส่งวันที่ จอง | ||||||
| Note:งบประมาณปี2559 | |||||||||
| 7. | หนังสือทั่วไป | WY100 ช358ค 2558 ฉ.5 | On Shelf ขอยืม | ||||||
| Note:งบประมาณปี2559 | |||||||||
| 8. | หนังสือทั่วไป | WY100 ช358ค 2558 ฉ.7 | On Shelf ขอยืม | ||||||
| Note:งบประมาณปี2559 | |||||||||
| 9. | หนังสือทั่วไป | WY100 ช358ค 2558 ฉ.8 | On Shelf ขอยืม | ||||||
| Note:งบประมาณปี2559 | |||||||||
| 10. | หนังสือทั่วไป | WY100 ช358ค 2558 ฉ.9 | On Shelf ขอยืม | ||||||
| Note:งบประมาณปี2559 | |||||||||
| 11. | หนังสือทั่วไป | WY100 ช358ค 2558 ฉ.10 | On Shelf ขอยืม | ||||||
| Note:งบประมาณปี2559 | |||||||||
| 12. | หนังสือทั่วไป | WY100 ช358ค 2558 ฉ.11 | On Shelf ขอยืม | ||||||
| Note:งบประมาณปี2559 | |||||||||
| | |||||||||
| รายการใกล้เคียง หัวเรื่อง [การพยาบาล ข้อสอบและเฉลย] |
BibComment |
| คอมเมนท์ทรัพยากรรายการนี้ |
|
|